Ako riešiť mechanizovaný zber hrachu a fazule

Bibliographic Details
Main Author: Dlabaja, Zdeněk (Author)
Format: Article
Language:Slovak
PhysicalDescription:Obr., tb.
Subjects:

MARC

LEADER 00000nab a2200000 a 4500
001 vtls008985601
003 SK-MaSNL
005 20260303065430.0
008 051010 1976 xo 000 0 slo
015 |a SNBRB1977 
040 |a SNKBUCL  |b slo  |c SNKBUCL  |e AACR2 
041 1 |a slo  |b eng  |b ger  |b rus 
044 |a xo  |c SK 
080 |a 631.55:635.6  |2 2001 
080 |x Fazuľa mesiacovitá. Phaseolus lunatus  |a 635.653  |2 1981 
080 |a 635.6  |2 2001 
100 1 |a Dlabaja, Zdeněk  |4 aut  |9 944660 
245 1 0 |a Ako riešiť mechanizovaný zber hrachu a fazule  |c Zdeněk Dlabaja 
300 |b Obr., tb. 
546 |a Res. angl., nem., rus. 
650 0 7 |a strukoviny  |2 snkbucl  |9 3975 
650 0 7 |a mechanizovaný zber strukovín  |2 snkbucl  |9 1065477 
650 0 7 |a hrach  |2 snkbucl  |9 15206 
650 0 7 |a fazuľa  |2 snkbucl  |9 2715 
773 0 |t Mechanizace zemědělství  |g Roč. 26, č. 8 (1976), s. 344-345 
999 |c 1751166  |d 1753096